| 000 | 00762nam a22002417a 4500 | ||
|---|---|---|---|
| 001 | 30683 | ||
| 003 | UA-OsUOA | ||
| 005 | 20220702111817.0 | ||
| 007 | ta | ||
| 008 | 20041112b un ||||| |||| 00| 0 ukr d | ||
| 040 |
_aUA-OsUOA _brus _cUA-OsUOA _dUA-OsUOA |
||
| 041 | _arus | ||
| 044 | _aRU | ||
| 080 | _a82.09(47+57) | ||
| 090 |
_a82.09(47+57) _bС72 |
||
| 100 | _aСпиридонова (Евстигнеева) Л. А. | ||
| 245 |
_aРусская сатирическая литература начала ХХ века _cЛ. А. Спиридонова (Евстигнеева) ; ред. В. А. Келдыш |
||
| 260 |
_aМосква _bНаука _c1977 |
||
| 300 |
_a304 с. _bІлюстрації |
||
| 650 | 7 | _2UDC | |
| 942 |
_cBK _2udc |
||
| 955 | _a0 | ||
| 999 |
_c317097 _d317097 |
||